| 000 | 01452nam a2200397 i 4500 | ||
|---|---|---|---|
| 001 | 197544 | ||
| 003 | ES-MaACL | ||
| 005 | 20250805062644.0 | ||
| 007 | ta | ||
| 008 | 840229s1983 sp b 000 spa | ||
| 016 | 7 |
_abimoBNE19921395772 _zIBH8405800749 _2SpMaBN |
|
| 017 |
_aM 12034-1983 _bOficina Depósito Legal Madrid |
||
| 020 | _a8485944186 | ||
| 035 | _a(OCoLC)434310663 | ||
| 035 | _a(SpMaBN)bimo0000221722 | ||
| 035 | _a991014231339708606 | ||
| 040 |
_aIBH _bspa _cSpMaBN _erdc |
||
| 080 | _a628.2(460.27 M.) | ||
| 100 | 1 |
_aArce, José Alonso de _eaut _9240881 |
|
| 245 | 1 | 0 |
_aDificultades vencidas / _cJoseph Alonso de Arce |
| 260 |
_aMadrid : _bG. Blázquez, _c1983 |
||
| 300 |
_a144 p. ; _c23 cm + _e1 plano |
||
| 336 |
_2rdacontent _atexto |
||
| 337 |
_2rdamedia _asin mediación |
||
| 338 |
_2rdacarrier _avolumen |
||
| 490 | 0 |
_aColección Temas de Madrid _v1 |
|
| 500 | _aReproducción facsímil de la ed. de Madrid, 1735 | ||
| 650 | 7 |
_aAlcantarillado- _zMadrid _9157007 |
|
| 830 | 0 |
_aColección Temas de Madrid _9240882 |
|
| 852 |
_aES-MaACL _cDEPO1 _jA-15628 _hDonación: Fernando Codina Rodríguez _xEncuadernación rústica con solapas _9205986 |
||
| 903 |
_aCodina Rodríguez, Fernando _ednr _9238631 |
||
| 942 |
_n0 _cMONOGRAFIA |
||
| 999 |
_c197544 _d197544 |
||